[Event "PRO League Atlantic"]
[Site "Chess.com INT"]
[Date "2017.01.11"]
[Round "1"]
[White "Lenderman, Aleksandr"]
[Black "Preotu, Razvan"]
[Result "1-0"]
[WhiteElo "2573"]
[BlackElo "2495"]
[WhiteFideId "-1"]
[WhiteFideId "-1"]
[PlyCount "117"]
[GameId "1075908395728896"]
[EventDate "2017.01.11"]
[EventType "team-swiss (rapid)"]
[EventRounds "7"]
[EventCountry "USA"]
[SourceTitle "CBM 176 Extra"]
[Source "ChessBase"]
[SourceDate "2017.03.02"]
[SourceVersion "1"]
[SourceVersionDate "2017.03.02"]
[SourceQuality "1"]
[WhiteTeam "Montclair Sopranos"]
[BlackTeam "Toronto Dragons"]
[WhiteTeamCountry "USA"]
[BlackTeamCountry "CAN"]

1. d4 Nf6 2. c4 e6 3. Nc3 Bb4 4. Qc2 O-O 5. Nf3 c5 6. dxc5 Na6 7. g3 Nxc5 8. Bg2 Nce4 9. O-O Nxc3 10. bxc3 Be7 11. e4 d6 12. e5 dxe5 13. Nxe5 Qc7 14. Qe2 Nd7 15. Bf4 Nxe5 16. Bxe5 Bd6 17. Rfe1 Rb8 18. Rad1 Bxe5 19. Qxe5 Qxe5 20. Rxe5 b6 21. c5 bxc5 22. Rxc5 Bb7 23. Rd7 Bxg2 24. Kxg2 a6 25. Ra7 Ra8 26. Rcc7 Rxa7 27. Rxa7 g5 28. Rxa6 Rc8 29. Ra3 g4 30. Rb3 Rc4 31. Kf1 Kg7 32. Ke2 Kf6 33. Kd3 Ra4 34. Rb2 Ke5 35. Kc2 Ra3 36. Rb5+ Ke4 37. Rb4+ Kf3 38. Rf4+ Kg2 39. Rxf7 Rxa2+ 40. Kd3 e5 41. c4 Ra3+ 42. Ke4 Rc3 43. Kd5 e4 44. c5 h5 45. Rf5 Kxh2 46. Kd4 Rc2 47. Rxh5+ Kg2 48. Rf5 Re2 49. c6 Rc2 50. Rf6 Rc1 51. Kxe4 Rc2 52. Kd5 Rd2+ 53. Kc5 Rc2+ 54. Kb6 Rb2+ 55. Ka6 Ra2+ 56. Kb7 Rb2+ 57. Kc8 Rc2 58. c7 Rc1 59. Kd7 1-0

[Event "PRO League Atlantic"]
[Site "Chess.com INT"]
[Date "2017.01.11"]
[Round "1"]
[White "Preotu, Razvan"]
[Black "Arnold, Marc Tyler"]
[Result "1-0"]
[WhiteElo "2495"]
[BlackElo "2524"]
[WhiteFideId "-1"]
[WhiteFideId "-1"]
[PlyCount "63"]
[GameId "1075908395761664"]
[EventDate "2017.01.11"]
[EventType "team-swiss (rapid)"]
[EventRounds "7"]
[EventCountry "USA"]
[SourceTitle "CBM 176 Extra"]
[Source "ChessBase"]
[SourceDate "2017.03.02"]
[SourceVersion "1"]
[SourceVersionDate "2017.03.02"]
[SourceQuality "1"]
[WhiteTeam "Toronto Dragons"]
[BlackTeam "Montclair Sopranos"]
[WhiteTeamCountry "CAN"]
[BlackTeamCountry "USA"]

1. e4 c5 2. Nf3 d6 3. d4 cxd4 4. Nxd4 Nf6 5. Nc3 a6 6. f3 e6 7. Be3 h5 8. Be2 Qc7 9. a4 b6 10. O-O Nbd7 11. Qd2 Bb7 12. Rfd1 Be7 13. a5 O-O 14. axb6 Nxb6 15. Nb3 Nc4 16. Bxc4 Qxc4 17. Na5 Qc7 18. Na4 Nd7 19. Ra3 Rac8 20. c4 Ba8 21. Rb3 Rb8 22. Rxb8 Rxb8 23. b4 Ne5 24. c5 dxc5 25. Nxc5 Rd8 26. Qe2 Rxd1+ 27. Qxd1 Qc8 28. Qe2 Bxc5 29. bxc5 Bc6 30. Qd2 Bb5 31. Qd6 Qc7 32. Qxc7 1-0

[Event "PRO League Atlantic"]
[Site "Chess.com INT"]
[Date "2017.01.11"]
[Round "1"]
[White "Preotu, Razvan"]
[Black "Smith, Daniel S"]
[Result "1-0"]
[WhiteElo "2495"]
[BlackElo "2070"]
[WhiteFideId "-1"]
[WhiteFideId "-1"]
[PlyCount "61"]
[GameId "1075908395757568"]
[EventDate "2017.01.11"]
[EventType "team-swiss (rapid)"]
[EventRounds "7"]
[EventCountry "USA"]
[SourceTitle "CBM 176 Extra"]
[Source "ChessBase"]
[SourceDate "2017.03.02"]
[SourceVersion "1"]
[SourceVersionDate "2017.03.02"]
[SourceQuality "1"]
[WhiteTeam "Toronto Dragons"]
[BlackTeam "Montclair Sopranos"]
[WhiteTeamCountry "CAN"]
[BlackTeamCountry "USA"]

1. e4 c6 2. d4 d5 3. e5 Bf5 4. Nf3 e6 5. Be2 Ne7 6. O-O Bg6 7. a4 a6 8. a5 Nf5 9. c3 c5 10. Bg5 f6 11. Bf4 Nd7 12. Nbd2 cxd4 13. cxd4 fxe5 14. Nxe5 Nxd4 15. Bg4 Nxe5 16. Bxe5 Nc6 17. Re1 Bf7 18. Nf3 Be7 19. Nd4 Qd7 20. Bxg7 Rg8 21. Nxe6 Qd6 22. Qf3 Nd8 23. Nxd8 Rxd8 24. Bf6 Rxg4 25. Bxe7 Qg6 26. Bxd8+ Kxd8 27. Re5 Kd7 28. Rae1 Kd6 29. Qa3+ Kc6 30. Rc1+ Kd7 31. Qe7# 1-0

[Event "PRO League Atlantic"]
[Site "Chess.com INT"]
[Date "2017.01.18"]
[Round "2"]
[White "Li, Chao B"]
[Black "Preotu, Razvan"]
[Result "1-0"]
[WhiteElo "2720"]
[BlackElo "2495"]
[WhiteFideId "-1"]
[WhiteFideId "-1"]
[PlyCount "59"]
[GameId "1078416127733760"]
[EventDate "2017.01.11"]
[EventType "team-swiss (rapid)"]
[EventRounds "7"]
[EventCountry "USA"]
[SourceTitle "CBM 176 Extra"]
[Source "ChessBase"]
[SourceDate "2017.03.02"]
[SourceVersion "1"]
[SourceVersionDate "2017.03.02"]
[SourceQuality "1"]
[WhiteTeam "Montreal ChessBrahs"]
[BlackTeam "Toronto Dragons"]
[WhiteTeamCountry "CAN"]
[BlackTeamCountry "CAN"]

1. d4 Nf6 2. c4 e6 3. g3 c5 4. d5 exd5 5. cxd5 d6 6. Nc3 g6 7. Bg2 Bg7 8. e4 O-O 9. Nge2 Na6 10. O-O Nc7 11. a4 a6 12. Qb3 Rb8 13. a5 b5 14. axb6 Nb5 15. Na4 Nd7 16. Bd2 Qe7 17. Ba5 Nf6 18. f3 Nd7 19. Rae1 Ne5 20. h3 c4 21. Qc2 Bd7 22. f4 Nd3 23. Qxc4 Nxe1 24. Rxe1 Rfc8 25. Qb4 Qf6 26. Nac3 Nxc3 27. bxc3 Bb5 28. Nd4 Rxc3 29. e5 dxe5 30. fxe5 1-0

[Event "PRO League Atlantic"]
[Site "chess.com INT"]
[Date "2017.01.18"]
[Round "2"]
[White "Hambleton, Aman"]
[Black "Preotu, Razvan"]
[Result "0-1"]
[WhiteElo "2441"]
[BlackElo "2495"]
[WhiteFideId "-1"]
[WhiteFideId "-1"]
[PlyCount "124"]
[GameId "2130307636750083"]
[EventDate "2017.01.11"]
[EventType "team"]
[EventRounds "7"]
[EventCountry "USA"]
[SourceTitle "The Week in Chess 1159"]
[Source "Mark Crowther"]
[SourceDate "2017.01.23"]
[SourceVersion "1"]
[SourceVersionDate "2017.01.23"]
[SourceQuality "2"]
[WhiteTeam "Montreal ChessBrahs"]
[BlackTeam "Toronto Dragons"]

1. d4 Nf6 2. c4 g6 3. Nc3 Bg7 4. e4 O-O 5. Be3 d6 6. f3 c5 7. Nge2 Nc6 8. d5 Ne5 9. Ng3 e6 10. Be2 exd5 11. cxd5 a6 12. a4 h5 13. O-O Nh7 14. Qd2 h4 15. Nh1 f5 16. Nf2 h3 17. Nxh3 fxe4 18. Nxe4 Bxh3 19. gxh3 Qh4 20. Kg2 Nf6 21. Nxf6+ Qxf6 22. f4 Nf7 23. Bg4 Rae8 24. Be6 Rxe6 25. dxe6 Qxe6 26. Rae1 Qe4+ 27. Kg1 Qf5 28. b3 b5 29. axb5 axb5 30. b4 Rc8 31. Rc1 c4 32. Bd4 Qxh3 33. Bxg7 Kxg7 34. Qd4+ Kh7 35. Qd5 Rf8 36. f5 g5 37. f6 Ne5 38. Qe4+ Kh6 39. f7 Rxf7 40. Rxf7 Nxf7 41. Rf1 Ne5 42. Rf6+ Kg7 43. Rxd6 Nf7 44. Rg6+ Kf8 45. Rf6 Qd7 46. Qf5 Qd1+ 47. Kg2 Qd2+ 48. Kg3 Qe3+ 49. Kg4 Qe2+ 50. Kg3 Qe1+ 51. Kg2 Qe2+ 52. Kg1 Qe1+ 53. Kg2 Qe2+ 54. Qf2 Qe4+ 55. Qf3 Qe7 56. Rb6 Qxb4 57. Rb7 Qd2+ 58. Kg3 Qd6+ 59. Kg4 Qe6+ 60. Kg3 Kg7 61. Rxb5 Nd6 62. Rd5 Ne4+ 0-1

[Event "PRO League Atlantic"]
[Site "chess.com INT"]
[Date "2017.01.18"]
[Round "2"]
[White "Preotu, Razvan"]
[Black "Kleinman, Michael"]
[Result "1-0"]
[WhiteElo "2495"]
[BlackElo "2289"]
[WhiteFideId "-1"]
[WhiteFideId "-1"]
[PlyCount "55"]
[GameId "2130307636754207"]
[EventDate "2017.01.11"]
[EventType "team"]
[EventRounds "7"]
[EventCountry "USA"]
[SourceTitle "The Week in Chess 1159"]
[Source "Mark Crowther"]
[SourceDate "2017.01.23"]
[SourceVersion "1"]
[SourceVersionDate "2017.01.23"]
[SourceQuality "2"]
[WhiteTeam "Toronto Dragons"]
[BlackTeam "Montreal ChessBrahs"]

1. e4 e6 2. d4 d5 3. Nd2 c5 4. Ngf3 cxd4 5. Nxd4 Nc6 6. Nxc6 bxc6 7. Bd3 Nf6 8. O-O Be7 9. Qe2 Qc7 10. c4 d4 11. e5 Nd7 12. Nf3 c5 13. Re1 h6 14. Bf4 Bb7 15. b4 g5 16. Bg3 g4 17. Nd2 h5 18. b5 O-O-O 19. Ne4 Nxe5 20. Ng5 Bxg5 21. Bxe5 Qe7 22. Bxh8 Rxh8 23. Be4 Bf4 24. a4 Re8 25. a5 f5 26. Bxf5 Bxg2 27. Qxe6+ Qxe6 28. Rxe6 1-0

[Event "PRO League Group Stage"]
[Site "chess.com INT"]
[Date "2017.02.15"]
[Round "6"]
[White "Garcia Cardenas, Pablo"]
[Black "Preotu, Razvan"]
[Result "0-1"]
[WhiteElo "2424"]
[BlackElo "2495"]
[WhiteFideId "-1"]
[WhiteFideId "-1"]
[PlyCount "52"]
[GameId "2130307636796097"]
[EventDate "2017.01.11"]
[EventType "team"]
[EventRounds "7"]
[EventCountry "USA"]
[SourceTitle "The Week in Chess 1163"]
[Source "Mark Crowther"]
[SourceDate "2017.02.20"]
[SourceVersion "1"]
[SourceVersionDate "2017.02.20"]
[SourceQuality "2"]
[WhiteTeam "Patagonia Penguins"]
[BlackTeam "Toronto Dragons"]

1. d4 Nf6 2. c4 e6 3. Nf3 b6 4. g3 Ba6 5. b3 Bb4+ 6. Bd2 Be7 7. Bg2 c6 8. O-O d5 9. Ne5 Nfd7 10. cxd5 cxd5 11. f4 O-O 12. Nc3 Nxe5 13. fxe5 Nc6 14. Be3 Rc8 15. Na4 Nb4 16. Bf2 Bg5 17. h4 Bh6 18. g4 Nc2 19. g5 Bxg5 20. hxg5 Nxa1 21. Qxa1 Bxe2 22. Re1 Qxg5 23. Kh2 Rc2 24. Rxe2 Rxe2 25. Qf1 Qf4+ 26. Kg1 Rc2 0-1

[Event "PRO League Group Stage"]
[Site "chess.com INT"]
[Date "2017.02.15"]
[Round "6"]
[White "Preotu, Razvan"]
[Black "Leskovar, Matias"]
[Result "1/2-1/2"]
[WhiteElo "2495"]
[BlackElo "2306"]
[WhiteFideId "-1"]
[WhiteFideId "-1"]
[PlyCount "76"]
[GameId "2130307636800285"]
[EventDate "2017.01.11"]
[EventType "team"]
[EventRounds "7"]
[EventCountry "USA"]
[SourceTitle "The Week in Chess 1163"]
[Source "Mark Crowther"]
[SourceDate "2017.02.20"]
[SourceVersion "1"]
[SourceVersionDate "2017.02.20"]
[SourceQuality "2"]
[WhiteTeam "Toronto Dragons"]
[BlackTeam "Patagonia Penguins"]

1. e4 e5 2. Nf3 Nc6 3. d4 exd4 4. Nxd4 Bc5 5. Nb3 Bb6 6. Nc3 d6 7. Qe2 Nge7 8. Be3 Be6 9. O-O-O O-O 10. f4 Qc8 11. f5 Bxb3 12. axb3 f6 13. g4 Ne5 14. Rg1 g5 15. fxg6 hxg6 16. h4 Kg7 17. Bh3 Rh8 18. Rdf1 Rxh4 19. g5 f5 20. exf5 Rxh3 21. f6+ Kg8 22. Bxb6 axb6 23. fxe7 Qe6 24. Kb1 Qxe7 25. Nd5 Qd8 26. Nf6+ Kg7 27. Rh1 Qh8 28. Qg2 Rh4 29. Qxb7 Rf8 30. Qxc7+ Rf7 31. Rxh4 Qxh4 32. Ne8+ Kg8 33. Rxf7 Qe1+ 34. Ka2 Qa5+ 35. Kb1 Qe1+ 36. Ka2 Qa5+ 37. Kb1 Qe1+ 38. Ka2 Qa5+ 1/2-1/2

[Event "PRO League Stage"]
[Site "Chess.com INT"]
[Date "2017.02.11"]
[Round "5"]
[White "Ghasi, Ameet"]
[Black "Preotu, Razvan"]
[Result "1-0"]
[WhiteElo "2455"]
[BlackElo "2495"]
[WhiteFideId "-1"]
[WhiteFideId "-1"]
[PlyCount "77"]
[GameId "1088370457780224"]
[EventDate "2017.01.11"]
[EventType "team-swiss (rapid)"]
[EventRounds "7"]
[EventCountry "USA"]
[SourceTitle "CBM 176 Extra"]
[Source "ChessBase"]
[SourceDate "2017.03.02"]
[SourceVersion "1"]
[SourceVersionDate "2017.03.02"]
[SourceQuality "1"]
[WhiteTeam "London Towers"]
[BlackTeam "Toronto Dragons"]
[WhiteTeamCountry "ENG"]
[BlackTeamCountry "CAN"]

1. Nf3 Nf6 2. g3 d5 3. Bg2 e6 4. O-O Be7 5. d3 O-O 6. Nbd2 c5 7. e4 Nc6 8. Re1 b5 9. e5 Nd7 10. Nf1 a5 11. h4 Qc7 12. Bf4 Re8 13. Ne3 Nb6 14. Ng5 Bf8 15. Qh5 h6 16. Nh3 Ne7 17. Bxh6 gxh6 18. Ng4 Nd7 19. Nf4 Bb7 20. Nxh6+ Bxh6 21. Qxh6 Nf5 22. Qg5+ Kf8 23. g4 Nd4 24. Rac1 Nc6 25. Bxd5 Ncxe5 26. Bxb7 Qxb7 27. Rxe5 Nxe5 28. Qxe5 Rac8 29. Re1 Qf3 30. Qg5 e5 31. Nh5 Rc6 32. Qg7+ Ke7 33. Rxe5+ Re6 34. Rxe6+ Kxe6 35. Ng3 Qd1+ 36. Kg2 Qxc2 37. Ne4 Re7 38. Qf6+ Kd7 39. Qd6+ 1-0

[Event "PRO League Stage"]
[Site "Chess.com INT"]
[Date "2017.02.11"]
[Round "5"]
[White "Preotu, Razvan"]
[Black "Jones, Gawain"]
[Result "0-1"]
[WhiteElo "2495"]
[BlackElo "2665"]
[WhiteFideId "-1"]
[WhiteFideId "-1"]
[PlyCount "74"]
[GameId "1088370458349568"]
[EventDate "2017.01.11"]
[EventType "team-swiss (rapid)"]
[EventRounds "7"]
[EventCountry "USA"]
[SourceTitle "CBM 176 Extra"]
[Source "ChessBase"]
[SourceDate "2017.03.02"]
[SourceVersion "1"]
[SourceVersionDate "2017.03.02"]
[SourceQuality "1"]
[WhiteTeam "Toronto Dragons"]
[BlackTeam "London Towers"]
[WhiteTeamCountry "CAN"]
[BlackTeamCountry "ENG"]

1. e4 c5 2. Nf3 d6 3. d4 cxd4 4. Nxd4 Nf6 5. Nc3 g6 6. Be3 Bg7 7. f3 Nc6 8. Qd2 O-O 9. g4 Be6 10. Nxe6 fxe6 11. O-O-O Ne5 12. Be2 Qa5 13. Kb1 Rac8 14. h4 Nfd7 15. f4 Nc4 16. Bxc4 Rxc4 17. e5 Nb6 18. Bxb6 axb6 19. Qe2 d5 20. f5 Rxc3 21. bxc3 Ra8 22. f6 Qxa2+ 23. Kc1 exf6 24. exf6 Bxf6 25. Qxe6+ Kg7 26. Rh3 Qc4 27. Kd2 Rc8 28. Rd3 Bxc3+ 29. Ke2 Kh8 30. Rf1 Bg7 31. c3 Ra8 32. Qxd5 Qxg4+ 33. Rdf3 Qxh4 34. Qxb7 Re8+ 35. Kd1 Qa4+ 36. Kd2 Bh6+ 37. Kd3 Rd8+ 0-1

[Event "PRO League Stage"]
[Site "Chess.com INT"]
[Date "2017.02.11"]
[Round "5"]
[White "Preotu, Razvan"]
[Black "Rendle, Thomas E"]
[Result "1-0"]
[WhiteElo "2495"]
[BlackElo "2356"]
[WhiteFideId "-1"]
[WhiteFideId "-1"]
[PlyCount "53"]
[GameId "1088370458353664"]
[EventDate "2017.01.11"]
[EventType "team-swiss (rapid)"]
[EventRounds "7"]
[EventCountry "USA"]
[SourceTitle "CBM 176 Extra"]
[Source "ChessBase"]
[SourceDate "2017.03.02"]
[SourceVersion "1"]
[SourceVersionDate "2017.03.02"]
[SourceQuality "1"]
[WhiteTeam "Toronto Dragons"]
[BlackTeam "London Towers"]
[WhiteTeamCountry "CAN"]
[BlackTeamCountry "ENG"]

1. e4 e6 2. d4 d5 3. Nd2 Be7 4. Ngf3 Nf6 5. e5 Nfd7 6. Bd3 c5 7. c3 Nc6 8. O-O a5 9. Re1 cxd4 10. cxd4 Qb6 11. Nb1 Nxd4 12. Nxd4 Qxd4 13. Nc3 Qb6 14. Be3 d4 15. Na4 Qa7 16. Bf4 O-O 17. Rc1 Nb6 18. Nc3 dxc3 19. Bxh7+ Kxh7 20. Qh5+ Kg8 21. Rxc3 f5 22. Rh3 Nd5 23. Bh6 Rf7 24. Be3 Rf8 25. Qg6 Nxe3 26. Rh7 Rf7 27. Qh5 1-0

[Event "PRO League Stage"]
[Site "Chess.com INT"]
[Date "2017.02.11"]
[Round "5"]
[White "Roberson, Peter"]
[Black "Preotu, Razvan"]
[Result "0-1"]
[WhiteElo "2401"]
[BlackElo "2495"]
[WhiteFideId "-1"]
[WhiteFideId "-1"]
[PlyCount "78"]
[GameId "1088370458386432"]
[EventDate "2017.01.11"]
[EventType "team-swiss (rapid)"]
[EventRounds "7"]
[EventCountry "USA"]
[SourceTitle "CBM 176 Extra"]
[Source "ChessBase"]
[SourceDate "2017.03.02"]
[SourceVersion "1"]
[SourceVersionDate "2017.03.02"]
[SourceQuality "1"]
[WhiteTeam "London Towers"]
[BlackTeam "Toronto Dragons"]
[WhiteTeamCountry "ENG"]
[BlackTeamCountry "CAN"]

1. e4 c5 2. c3 d5 3. exd5 Qxd5 4. d4 Nc6 5. Nf3 Bf5 6. Be2 cxd4 7. cxd4 Bxb1 8. Rxb1 Nf6 9. O-O e6 10. Be3 Bd6 11. b4 O-O 12. b5 Ne7 13. Ne5 Bxe5 14. Bf3 Bxh2+ 15. Kxh2 Qd6+ 16. g3 Nfd5 17. Qb3 Rac8 18. Bd2 b6 19. Kg2 Nf5 20. Qd3 Nde7 21. Bb4 Qd7 22. Rh1 Rfd8 23. Rbd1 Ng6 24. Be4 Nxd4 25. Qe3 e5 26. a4 f5 27. Bb1 Qd5+ 28. f3 Rc4 29. Rd2 f4 30. Qa3 Rxb4 31. Ba2 Rc4 32. Rc1 Kh8 33. Bxc4 Qd7 34. Bd3 Nxf3 35. Kxf3 e4+ 36. Ke2 Qg4+ 37. Ke1 Qxg3+ 38. Kd1 exd3 39. Qe7 Nxe7 0-1

[Event "PRO League Stage"]
[Site "Chess.com INT"]
[Date "2017.02.15"]
[Round "6"]
[White "Hungaski, Robert"]
[Black "Preotu, Razvan"]
[Result "1/2-1/2"]
[WhiteElo "2488"]
[BlackElo "2495"]
[WhiteFideId "-1"]
[WhiteFideId "-1"]
[PlyCount "72"]
[GameId "1088370459430912"]
[EventDate "2017.01.11"]
[EventType "team-swiss (rapid)"]
[EventRounds "7"]
[EventCountry "USA"]
[SourceTitle "CBM 176 Extra"]
[Source "ChessBase"]
[SourceDate "2017.03.02"]
[SourceVersion "1"]
[SourceVersionDate "2017.03.02"]
[SourceQuality "1"]
[WhiteTeam "Patagonia Penguins"]
[BlackTeam "Toronto Dragons"]
[WhiteTeamCountry "ARG"]
[BlackTeamCountry "CAN"]

1. Nf3 c5 2. e4 d6 3. d4 cxd4 4. Nxd4 Nf6 5. f3 e5 6. Nb3 d5 7. Bg5 Be6 8. exd5 Qxd5 9. Nc3 Bb4 10. Bxf6 gxf6 11. Qxd5 Bxc3+ 12. Qd2 Bxd2+ 13. Nxd2 Ke7 14. Bc4 Nc6 15. Bxe6 fxe6 16. c3 h5 17. h4 Rad8 18. Rd1 f5 19. Kf2 Rd5 20. Nc4 Rhd8 21. Ke2 Kf6 22. Ne3 Rxd1 23. Nxd1 Ne7 24. Nf2 Nd5 25. g3 b5 26. Nd3 Rg8 27. Kf2 e4 28. fxe4 fxe4 29. Nc5 Ke5 30. Re1 e3+ 31. Kg2 Rc8 32. Nd3+ Ke4 33. Nf2+ Kf5 34. Nd1 Ke4 35. Nf2+ Kf5 36. Nd1 Ke4 1/2-1/2

[Event "PRO League Stage"]
[Site "Chess.com INT"]
[Date "2017.02.15"]
[Round "6"]
[White "Preotu, Razvan"]
[Black "Salinas Herrera, Pablo Patricio"]
[Result "0-1"]
[WhiteElo "2495"]
[BlackElo "2464"]
[WhiteFideId "-1"]
[WhiteFideId "-1"]
[PlyCount "116"]
[GameId "1088370459869184"]
[EventDate "2017.01.11"]
[EventType "team-swiss (rapid)"]
[EventRounds "7"]
[EventCountry "USA"]
[SourceTitle "CBM 176 Extra"]
[Source "ChessBase"]
[SourceDate "2017.03.02"]
[SourceVersion "1"]
[SourceVersionDate "2017.03.02"]
[SourceQuality "1"]
[WhiteTeam "Toronto Dragons"]
[BlackTeam "Patagonia Penguins"]
[WhiteTeamCountry "CAN"]
[BlackTeamCountry "ARG"]

1. e4 c5 2. Nf3 d6 3. d4 cxd4 4. Nxd4 Nf6 5. Nc3 a6 6. Be3 e6 7. f3 b5 8. Qd2 b4 9. Nce2 e5 10. Nb3 Nc6 11. g4 h6 12. Ng3 Be6 13. O-O-O d5 14. exd5 Nxd5 15. Bc4 Nxe3 16. Qxe3 Qg5 17. Qxg5 hxg5 18. Bxe6 fxe6 19. Ne4 Be7 20. Nd6+ Kf8 21. Nc5 Rh6 22. Nce4 Rd8 23. c3 bxc3 24. bxc3 Rh3 25. Nc4 Rd5 26. Ned2 Rc5 27. Kc2 e4 28. Rdf1 Bf6 29. Kb3 exf3 30. Rxf3 Rxf3 31. Nxf3 Na5+ 32. Nxa5 Rxc3+ 33. Kb4 Rxf3 34. Nc4 Be7+ 35. Ka5 Rf4 36. Rc1 Rf2 37. a4 Ra2 38. Kxa6 Rxa4+ 39. Kb5 Ra2 40. h3 Bf6 41. Rf1 Ke7 42. Rf3 e5 43. Kc5 Ke6 44. Re3 Ra8 45. Nb6 Rb8 46. Kc6 Rd8 47. Nc4 Rd4 48. Kb5 Rd5+ 49. Kc6 Be7 50. Nb6 Rc5+ 51. Kb7 Bd6 52. Re4 Rc3 53. Nc4 Rxh3 54. Kc6 Rc3 55. Kb5 Kd5 56. Nxd6 Kxd6 57. Re1 Rd3 58. Rg1 Kd5 0-1

[Event "Chess-to-Remember Active"]
[Site "Toronto CAN"]
[Date "2016.09.25"]
[Round "1.2"]
[White "Calvelo, Jelvis"]
[Black "Preotu, Razvan"]
[Result "0-1"]
[WhiteElo "2199"]
[BlackElo "2623"]
[WhiteFideId "-1"]
[WhiteFideId "-1"]
[PlyCount "98"]
[GameId "2160767740522651"]
[EventDate "2016.09.25"]
[EventType "swiss (rapid)"]
[EventRounds "5"]
[EventCountry "CAN"]
[WhiteClock "0:06:38"]
[BlackClock "0:01:18"]

1. b3 d5 2. Bb2 Nf6 3. Nf3 Bf5 4. g3 e6 5. Bg2 Be7 6. h3 Nbd7 7. Nh4 Be4 8. f3 Nh5 9. fxe4 Nxg3 10. Nf3 dxe4 11. e3 Nxh1 12. Bxh1 exf3 13. Qxf3 O-O 14. Qxb7 Rb8 15. Qg2 Bh4+ 16. Ke2 Bf6 17. Nc3 Nb6 18. Rg1 Nc4 19. Bc1 Nd6 20. Ne4 Nxe4 21. Qxe4 Qd6 22. Qf4 e5 23. Qf5 g6 24. h4 Bxh4 25. Be4 Qf6 26. Qg4 Qf2+ 27. Kd1 f5 28. Bd5+ Kg7 29. Qg2 Qxg2 30. Rxg2 e4 31. Ba3 Rfd8 32. Bc4 h5 33. Ke2 Bf6 34. Bc5 a5 35. a4 h4 36. Be6 h3 37. Rh2 Rh8 38. d3 Be5 39. Rh1 exd3+ 40. cxd3 h2 41. d4 Bd6 42. Bxd6 cxd6 43. Kf2 Kf6 44. Bd5 Rbc8 45. Bc4 g5 46. Kg3 d5 47. Bxd5 Rc3 48. Kf2 g4 49. Re1 Rc2+ 0-1

[Event "Chess-to-Remember Active"]
[Site "Toronto CAN"]
[Date "2016.09.25"]
[Round "2.2"]
[White "Preotu, Razvan"]
[Black "Ivanov, Mike"]
[Result "1/2-1/2"]
[WhiteElo "2623"]
[BlackElo "2385"]
[WhiteFideId "-1"]
[WhiteFideId "-1"]
[PlyCount "95"]
[GameId "2160767740522656"]
[EventDate "2016.09.25"]
[EventType "swiss (rapid)"]
[EventRounds "5"]
[EventCountry "CAN"]
[WhiteClock "0:00:36"]
[BlackClock "0:00:28"]

1. d4 Nf6 2. c4 c5 3. d5 e6 4. Nc3 exd5 5. cxd5 d6 6. e4 g6 7. f4 Bg7 8. Bb5+ Nfd7 9. a4 Qh4+ 10. g3 Qe7 11. Nf3 O-O 12. O-O Nf6 13. Re1 Bg4 14. Kg2 Na6 15. h3 Bxf3+ 16. Qxf3 Nb4 17. Re2 Nd7 18. e5 dxe5 19. d6 Qe6 20. Qxb7 Rfd8 21. Bxd7 Qxd7 22. Qxd7 Rxd7 23. fxe5 Re8 24. Bf4 g5 25. Bxg5 Rxe5 26. Rxe5 Bxe5 27. Rd1 c4 28. Ne4 Nd3 29. b3 f5 30. Nd2 cxb3 31. Nxb3 Rxd6 32. Kf1 Bxg3 33. Ke2 Nf4+ 34. Bxf4 Rxd1 35. Bxg3 Rh1 36. Nd4 Ra1 37. Nxf5 Rxa4 38. Kf3 a5 39. Be5 Kf7 40. Nd4 Rc4 41. Ke4 a4 42. Kd3 Rc8 43. Bd6 Kg6 44. Nb5 Kh5 45. Be7 Ra8 46. Kc4 a3 47. Nxa3 Rxa3 48. Bxa3 1/2-1/2

[Event "Chess-to-Remember Active"]
[Site "Toronto CAN"]
[Date "2016.09.25"]
[Round "3.2"]
[White "Yang, Kaiqi"]
[Black "Preotu, Razvan"]
[Result "1-0"]
[WhiteElo "2418"]
[BlackElo "2623"]
[WhiteFideId "-1"]
[WhiteFideId "-1"]
[PlyCount "79"]
[GameId "2160767740522661"]
[EventDate "2016.09.25"]
[EventType "swiss (rapid)"]
[EventRounds "5"]
[EventCountry "CAN"]
[WhiteClock "0:01:41"]
[BlackClock "0:00:33"]

1. e4 c5 2. Nf3 d6 3. Bb5+ Nd7 4. O-O a6 5. Bd3 Ngf6 6. Re1 b5 7. c4 bxc4 8. Bxc4 Nb6 9. Bf1 e5 10. a4 Be7 11. Nc3 O-O 12. a5 Nbd7 13. Bc4 h6 14. d3 Rb8 15. Nh4 Nxe4 16. dxe4 Bxh4 17. Qxd6 Nf6 18. Qxb8 Qd4 19. Be3 Qxc4 20. Qxe5 Ng4 21. Qxc5 Nxe3 22. Qxe3 Be6 23. Nd5 Rd8 24. Red1 Bg5 25. f4 Bxd5 26. fxg5 Re8 27. Qd4 Rxe4 28. Qxc4 Bxc4 29. gxh6 Re2 30. hxg7 Rxb2 31. Ra4 Be2 32. Rda1 Bb5 33. Rg4 Bd7 34. Rg3 Bf5 35. h4 Bg6 36. Rd1 Rb5 37. Rg5 Rxg5 38. hxg5 Bh5 39. Rd2 Kxg7 40. Kf2 1-0

[Event "Chess-to-Remember Active"]
[Site "Toronto CAN"]
[Date "2016.09.25"]
[Round "4.5"]
[White "Preotu, Razvan"]
[Black "Zotkin, Daniel"]
[Result "1-0"]
[WhiteElo "2623"]
[BlackElo "2171"]
[WhiteFideId "-1"]
[WhiteFideId "-1"]
[PlyCount "75"]
[GameId "2160767740522669"]
[EventDate "2016.09.25"]
[EventType "swiss (rapid)"]
[EventRounds "5"]
[EventCountry "CAN"]
[WhiteClock "0:01:35"]
[BlackClock "0:05:50"]

1. e4 c5 2. Nf3 Nc6 3. Bb5 e6 4. O-O Nge7 5. Re1 a6 6. Bf1 Ng6 7. c3 Be7 8. d4 cxd4 9. cxd4 d6 10. Nc3 O-O 11. d5 Nce5 12. Nd4 exd5 13. Nxd5 Nc6 14. Nf5 Bxf5 15. exf5 Nge5 16. Be3 Nd7 17. Rc1 Rc8 18. Qd2 Nf6 19. Bb6 Qd7 20. Rxc6 Nxd5 21. Rxc8 Nxb6 22. Rxf8+ Kxf8 23. g4 d5 24. Rd1 Qa4 25. Qd4 Qxd4 26. Rxd4 Bc5 27. Rd1 d4 28. Bg2 Na4 29. Bxb7 Nxb2 30. Rb1 Na4 31. Bxa6 Nc3 32. Rb7 Ne4 33. Bd3 Ng5 34. Kg2 f6 35. Bc4 Bd6 36. h4 Ne4 37. Rf7+ Ke8 38. Rxg7 1-0